Statistics for American vs British Prepositions

Click here to take the quiz!

General Stats

  • This quiz has been taken 394 times
  • The average score is 8 of 10

Answer Stats

QuestionAnswer% Correct
American: I dropped my phone on accident
     British:
I dropped my phone by accident
96%
American: I'm writing my friend in Rome
     British:
I'm writing to my friend in Rome
92%
American: Jack is different than his sister
     British:
Jack is different to his sister
90%
American: She's on the hockey team
     British:
She's in the hockey team
90%
American: I'm planning to go biking on the weekend
     British:
I'm planning to go biking at the weekend
84%
American: The exhibition is open starting on Tuesday
     British:
The exhibition is open from Tuesday
83%
American: You can call me at this number
     British:
You can call me on this number
77%
American: They studied Spanish in high school
       British:
They studied Spanish at high school
69%
American: Today's football game was rained out
     British:
Today's football game was rained off
63%
American: He enrolled in the new course
     British:
He enrolled on the new course
32%

Score Distribution

Percentile by Number Answered

Percent of People with Each Score

Your Score History

You have not taken this quiz